000 nam a22 a 4500
999 _c4396
_d4396
003 AKMAL
005 20170529154708.0
008 170529s2006 my e l 000 0 may d
020 _a967891686X (jil. 1 : kkt. )
082 0 4 _a340.09595 MAL
_222
090 0 0 _a340.09595
_bMAL
110 1 _aMalaysia
_9400
245 1 0 _aUndang-Undang Am Malaysia :
_b(hingga 5hb Mei 2006) /
_cdisusun oleh : Lembaga Penyelidikan Undang-Undang
260 _aPetaling Jaya :
_bInternational Law Book Services,
_c2006
300 _axii, 573ms. ;
_c24cm.
651 0 _aMalaysia
_xLaw and legislation
_93752
651 2 _aMalaysia
_xConstitutional law
_9436
710 2 _aLembaga Penyelidikan Undang-Undang
_98560
942 _2ddc
_cBOOK